00330nam a22001337a 450000500170000000800410001704100080005808200090006610000320007524500370010726000290014430000080017365000150018120160430115612.0160430b xxu||||| |||| 00| 0 eng d aeng b1054 aPunjab Technical University aOrganizational Behaviour MBA 102 aNew DelhibExcel Books,  a213 aManagement